000 00639cam a22002413a 4500
001 30500
003 PGUSA
005 20140828083647.0
008 091119s2009||||xxu|||||s|||||000 1 eng d
040 _aPGUSA
_beng
042 _adc
100 1 _aHarmon, Kenneth
245 1 4 _aThe Passenger
_h[electronic resource] /
_cKenneth Harmon
260 _bProject Gutenberg,
_c2009
506 _aPublic domain in the USA.
516 _aElectronic text
653 _aShort stories
653 _aScience fiction
700 1 _aConnell
830 0 _aProject Gutenberg
_v30500
856 4 0 _uhttp://www.gutenberg.org/ebooks/30500
942 _cEB
999 _c259755
_d259755